000 00808cab a2200241 4500
001 ABS42221
008 090401t1990 xxu||||| |||| 00| 0 eng d
035 _a(Sirsi) u35440
041 _aeng
100 _aSomerville, G.
245 _aGetting to grips with aerial bombardment
260 _c1990
350 _a0
490 _aPlanning (for the Natural and Built Environment)
_v(854) 2 February 1990, 30-31(1)
520 _aConsiders the market for satellite television in relation to its effects. Recommends action by planning authorities to restrict the proliferation of equipment and looks at further developments.
650 _aBSB
650 _aCABLE TELEVISION
650 _aSATELLITE DISHES
650 _aSKY
690 _aPLANNING LAW AND PRACTICE
942 _n0
948 _c04/03/1997
999 _c23205
_d23205